Statistics for Hunger Games Fill In The Blank Quotes

Click here to take the quiz!

General Stats

  • This quiz has been taken 1,272 times
  • The average score is 7 of 15

Answer Stats

HintAnswer% Correct
Katniss, the girl who was on _________.fire
92%
May the _____ be ever in your __________.odds, favor
87%
Ladies and gentlemen, let the _____________ Hunger Games begin!seventy-fourth
87%
Just remember who the _______ is.enemy
79%
Our District Twelve triubtes, __________ ____________ and _________ __________.Katniss Everdeen, Peeta Mellark
72%
You love me, _______ or not ________.real
70%
I wish I could freeze this ________, right here, right ________.moment, now
69%
Here's some advice, ________ __________.stay alive
66%
One more time? For the ___________?audience
25%
Just remember, __________ is punishable by ________.stealing, death
23%
You better run now, ______ ________Fire Girl
22%
You said ____ ______. I heard you. You kill ______?her, name, her
16%
Here your ________ are sweet and __________ brings them true.dreams, tomorrow
15%
_____! ______! Ladies and gentlemen, I am pleased to present the _______ of the Seventy-fourth Hunger Games, Katniss Everdeen and Peeta mellakr!Stop, stop, victors
14%
________ sucesss. So, in a way, my name being drawn in the reaping was a real piece of _______.Without, luck
4%

Score Distribution

Percentile by Number Answered

Percent of People with Each Score

Your Score History

You have not taken this quiz